[Event "Landesklasse Ost 2016/2017"]
[Site "?"]
[Date "2016.11.06"]
[Round "2"]
[White "Gert, Andreas"]
[Black "Mantu, Eugen"]
[Result "0-1"]
[WhiteElo "1492"]
[BlackElo "1620"]
[PlyCount "62"]
[EventDate "2016.??.??"]
[WhiteTeam "VfL 1990 Gera"]
[BlackTeam "SV Medizin Erfurt"]

1. d4 b6 2. c4 e6 3. Nc3 Bb7 4. e4 Bb4 5. Nge2 Bxe4 6. a3 Bxc3+ 7. Nxc3 Bb7 8.
Bf4 Ne7 9. Rc1 Ng6 10. Bg3 d6 11. b4 O-O 12. h4 Ne7 13. h5 Nf5 14. Ne2 h6 15.
Qd3 Qf6 16. Rd1 Nc6 17. b5 Nb8 18. Nc3 Nxg3 19. Qxg3 a6 20. Rh4 e5 21. d5 Bc8
22. Ne4 Qe7 23. Be2 f5 24. Nd2 axb5 25. cxb5 f4 26. Qd3 Qxh4 27. Qc3 Bg4 28.
Qxc7 Qh1+ 29. Nf1 f3 30. gxf3 Bxf3 31. Bxf3 Qxf3 0-1

[Event "Landesklasse West 2016/2017"]
[Site "?"]
[Date "2016.11.06"]
[Round "2"]
[White "Minor, Viatcheslav"]
[Black "Stöber, Alexander"]
[Result "0-1"]
[WhiteElo "1916"]
[BlackElo "1743"]
[PlyCount "142"]
[EventDate "2016.??.??"]
[WhiteTeam "SV Wartburgstadt Eisenach"]
[BlackTeam "SK Dingelstädt 1921"]

1. e4 d6 2. d4 g6 3. Nc3 Bg7 4. Be3 c6 5. Qd2 b5 6. Bd3 Nd7 7. Nf3 Nb6 8. h3
Qc7 9. O-O Bb7 10. Rfe1 e5 11. dxe5 dxe5 12. Rad1 Nf6 13. Bh6 O-O 14. Bxg7 Kxg7
15. Qg5 Nbd7 16. Ne2 h6 17. Qc1 Rad8 18. Ng3 a5 19. c4 Nc5 20. Bb1 b4 21. Qe3
Ne6 22. c5 Nd7 23. Rc1 Ba6 24. a3 Qa7 25. axb4 axb4 26. Red1 f6 27. Qb3 Ndxc5
28. Qxb4 Bb5 29. Qe1 Nb3 30. Rxd8 Rxd8 31. Rd1 Nbd4 32. Nxd4 Nxd4 33. Kh1 Ra8
34. Qd2 Qa5 35. Qc3 Qa4 36. Rd2 Qc4 37. Bd3 Ra1+ 38. Kh2 Qxc3 39. bxc3 Nb3 40.
Rb2 Bxd3 41. Rxb3 Bb5 42. h4 h5 43. f3 Kf7 44. Nh1 Ke6 45. g4 Be2 46. gxh5 gxh5
47. Kg2 Bxf3+ 48. Kxf3 Rxh1 49. Kg3 Rg1+ 50. Kh3 Re1 51. Rb4 Re3+ 52. Kg2 Rxc3
53. Rb8 Re3 54. Rh8 Rxe4 55. Rxh5 c5 56. Kf3 Re1 57. Rh8 Kf5 58. h5 Rh1 59. Rc8
Rxh5 60. Rxc5 Rh3+ 61. Ke2 Kf4 62. Rc6 f5 63. Rc4+ e4 64. Kf2 Rh2+ 65. Kg1 Ra2
66. Rc3 e3 67. Rc1 Kg3 68. Kf1 f4 69. Rb1 f3 70. Kg1 Rg2+ 71. Kh1 f2 0-1

[Event "Landesklasse West 2016/2017"]
[Site "?"]
[Date "2016.11.06"]
[Round "2"]
[White "Lorenz, Sebastian"]
[Black "Neef, Michael"]
[Result "1-0"]
[WhiteElo "1715"]
[BlackElo "1863"]
[PlyCount "103"]
[EventDate "2016.??.??"]
[WhiteTeam "SK Dingelstädt 1921"]
[BlackTeam "SV Wartburgstadt Eisenach"]

1. e4 d5 2. exd5 Qxd5 3. Nc3 Qd6 4. d4 c6 5. Bc4 e6 6. Nf3 Nd7 7. a3 Ngf6 8.
O-O Qc7 9. Re1 Nb6 10. Bb3 Bd6 11. Ne5 Bxe5 12. dxe5 Nfd5 13. Ne4 O-O 14. Qh5
f5 15. exf6 Nxf6 16. Nxf6+ Rxf6 17. Qe8+ Rf8 18. Bxe6+ Bxe6 19. Qxe6+ Qf7 20.
Bg5 Rae8 21. Qxf7+ Kxf7 22. b3 Rxe1+ 23. Rxe1 Re8 24. Rxe8 Kxe8 25. Be3 Nc8 26.
g4 g6 27. Kg2 Kf7 28. Kf3 Ke6 29. Kf4 b6 30. c4 Nd6 31. c5 Nc8 32. Kg5 Kf7 33.
Kh6 Kg8 34. b4 b5 35. Bg5 a6 36. f4 Na7 37. h4 Nc8 38. Bf6 Kf7 39. g5 Kg8 40.
h5 gxh5 41. Kxh5 Kf7 42. Kh6 Kg8 43. f5 Na7 44. Bd8 Nc8 45. f6 Na7 46. f7+ Kxf7
47. Kxh7 Ke8 48. Bc7 Kd7 49. Bd6 Nc8 50. g6 Nxd6 51. cxd6 Kxd6 52. g7 1-0

[Event "Landesklasse West 2016/2017"]
[Site "?"]
[Date "2016.11.06"]
[Round "2"]
[White "Königsdörfer, Gerhard"]
[Black "Meister, Matthias"]
[Result "0-1"]
[WhiteElo "1912"]
[BlackElo "1719"]
[PlyCount "70"]
[EventDate "2016.??.??"]
[WhiteTeam "SV Wartburgstadt Eisenach"]
[BlackTeam "SK Dingelstädt 1921"]

1. e4 e5 2. Nf3 Nc6 3. Bb5 d6 4. d4 Bd7 5. Nc3 Nf6 6. Bxc6 Bxc6 7. Qd3 exd4 8.
Nxd4 Bd7 9. f3 a6 10. a4 h6 11. Be3 Be7 12. O-O O-O 13. Rad1 Nh7 14. Nde2 Qe8
15. Ra1 Rd8 16. Rfd1 Bg5 17. f4 Bf6 18. Nd5 Bc6 19. Nec3 Bxc3 20. Nxc3 Nf6 21.
Bd4 Nxe4 22. Nxe4 Qxe4 23. Qxe4 Bxe4 24. Rd2 Rfe8 25. Rad1 Bc6 26. b3 Re4 27.
g3 Rde8 28. Kf1 Bd7 29. Kf2 Bg4 30. Rc1 Re2+ 31. Rxe2 Rxe2+ 32. Kg1 Bf5 33. c3
Bc2 34. Kf1 Rxh2 35. Bg1 Bd3+ 0-1

[Event "Landesklasse West 2016/2017"]
[Site "?"]
[Date "2016.11.06"]
[Round "2"]
[White "Strecker, Frank"]
[Black "Graupner, Markus"]
[Result "0-1"]
[WhiteElo "1674"]
[BlackElo "1707"]
[PlyCount "50"]
[EventDate "2016.??.??"]
[WhiteTeam "SK Dingelstädt 1921"]
[BlackTeam "SV Wartburgstadt Eisenach"]

1. Nf3 d5 2. d4 e6 3. c4 Nf6 4. Nc3 Be7 5. e3 a6 6. Qc2 O-O 7. Bd3 dxc4 8. Bxc4
b5 9. Bd3 Bb7 10. e4 h6 11. Be3 Nbd7 12. Ne2 Rc8 13. Rc1 c5 14. Qb1 cxd4 15.
Bxd4 Nc5 16. Bxc5 Bxc5 17. O-O Qe7 18. Nd2 Ng4 19. Nb3 Bb6 20. h3 Ne5 21. Rfd1
Qh4 22. Rf1 Nxd3 23. Qxd3 Rxc1 24. Nbxc1 Rd8 25. Qg3 Qxe4 0-1

[Event "Landesklasse West 2016/2017"]
[Site "?"]
[Date "2016.11.06"]
[Round "2"]
[White "Anschütz, Bernd"]
[Black "Kirchberg, Hans-Georg"]
[Result "1/2-1/2"]
[WhiteElo "1758"]
[BlackElo "1720"]
[PlyCount "41"]
[EventDate "2016.??.??"]
[WhiteTeam "SV Wartburgstadt Eisenach"]
[BlackTeam "SK Dingelstädt 1921"]

1. e4 d5 2. exd5 Qxd5 3. Nc3 Qd6 4. d4 Nf6 5. Bc4 a6 6. Nge2 b5 7. Bb3 Bb7 8.
Bf4 Qb6 9. f3 e6 10. Qd2 Be7 11. Be3 Nd5 12. Nxd5 Bxd5 13. Bxd5 exd5 14. O-O
O-O 15. c3 Nd7 16. b4 Qb7 17. Ng3 Rfe8 18. Rfe1 Bf8 19. a4 bxa4 20. Rxa4 Nb6
21. Raa1 1/2-1/2

[Event "Landesklasse West 2016/2017"]
[Site "?"]
[Date "2016.11.06"]
[Round "2"]
[White "Meyer, Peter"]
[Black "Hoppe, Hans-Jörg"]
[Result "1-0"]
[WhiteElo "1591"]
[BlackElo "1545"]
[PlyCount "123"]
[EventDate "2016.??.??"]
[WhiteTeam "SK Dingelstädt 1921"]
[BlackTeam "SV Wartburgstadt Eisenach"]

1. e4 e5 2. Bc4 Nc6 3. c3 Bc5 4. Qf3 Nf6 5. d3 Na5 6. Bxf7+ Kxf7 7. b4 Bxf2+ 8.
Qxf2 Nc6 9. Nf3 d6 10. O-O Rf8 11. Bg5 Kg8 12. Nbd2 Qe8 13. h3 a6 14. a4 Bd7
15. Nc4 Nh5 16. Ne3 h6 17. Nd5 hxg5 18. Nxc7 Qf7 19. Nxa8 Rxa8 20. Nxg5 Qxf2+
21. Rxf2 Nf4 22. Rd1 Ne7 23. a5 Rf8 24. d4 exd4 25. Rxd4 Nc8 26. c4 Ne6 27.
Nxe6 Rxf2 28. Kxf2 Bxe6 29. Ke3 Kf7 30. c5 Ke7 31. Kf4 dxc5 32. bxc5 Bd7 33.
Kg5 Be8 34. g4 Na7 35. Rb4 Nb5 36. h4 Kf8 37. e5 Bc6 38. Rf4+ Kg8 39. e6 Nc7
40. Kf5 Nd5 41. Rd4 Kf8 42. Ke5 Nc3 43. Rd8+ Be8 44. Rb8 g6 45. Rxb7 Ne4 46.
Rc7 Nf2 47. g5 Nd3+ 48. Kf6 Nf4 49. e7+ Kg8 50. Rc8 Nh5+ 51. Ke5 Kf7 52. Kd6
Ng7 53. Ra8 Nf5+ 54. Ke5 Bb5 55. e8=Q+ Bxe8 56. Rxa6 Nxh4 57. Ra7+ Kf8 58. Rh7
Nf3+ 59. Kf6 Kg8 60. Re7 Kf8 61. Rxe8+ Kxe8 62. a6 1-0

[Event "Landesklasse West 2016/2017"]
[Site "?"]
[Date "2016.11.06"]
[Round "2"]
[White "Ulbricht, Olaf"]
[Black "Nolte, Rainer"]
[Result "1/2-1/2"]
[WhiteElo "1541"]
[BlackElo "1571"]
[PlyCount "25"]
[EventDate "2016.??.??"]
[WhiteTeam "SV Wartburgstadt Eisenach"]
[BlackTeam "SK Dingelstädt 1921"]

1. e4 e6 2. d4 d5 3. e5 c5 4. c3 Nc6 5. Nf3 cxd4 6. cxd4 Bb4+ 7. Nc3 Nge7 8.
Bd3 Nf5 9. Bxf5 exf5 10. Qb3 O-O 11. O-O Qa5 12. Bd2 Be6 13. a3 1/2-1/2

[Event "Landesklasse West 2016/2017"]
[Site "?"]
[Date "2016.11.06"]
[Round "2"]
[White "Trapp, Werner"]
[Black "Leithoff, Hans-Georg"]
[Result "1-0"]
[WhiteElo "1388"]
[BlackElo "1093"]
[PlyCount "73"]
[EventDate "2016.??.??"]
[WhiteTeam "SK Dingelstädt 1921"]
[BlackTeam "SV Wartburgstadt Eisenach"]

1. d4 d5 2. Bf4 c6 3. e3 e6 4. c3 Nf6 5. Nd2 Nbd7 6. Ngf3 Be7 7. c4 O-O 8. c5
b6 9. b4 a5 10. a3 axb4 11. axb4 Rxa1 12. Qxa1 b5 13. Qa7 Nh5 14. Bc7 Qe8 15.
Bd3 f6 16. O-O Bd8 17. Ra1 Bxc7 18. Qxc7 Qd8 19. Qxc6 Nb8 20. Qxb5 Qc7 21. Bc2
Bd7 22. Qd3 Qb7 23. Qxh7+ Kf7 24. Qxh5+ Ke7 25. Rb1 Na6 26. Nh4 Be8 27. Bg6
Nxb4 28. Bxe8 Rxe8 29. Ng6+ Kd8 30. Qd1 Qb5 31. Qb3 Qd3 32. Qxd3 Nxd3 33. Kf1
Kd7 34. Ke2 Nxc5 35. dxc5 Kc6 36. Rc1 Rb8 37. Nf4 1-0

[Event "Landesklasse West 2016/2017"]
[Site "?"]
[Date "2016.11.06"]
[Round "2"]
[White "Hübschmann, Holger"]
[Black "Petiko, Nikolai"]
[Result "0-1"]
[WhiteElo "1875"]
[BlackElo "2001"]
[PlyCount "82"]
[EventDate "2016.??.??"]
[WhiteTeam "Randspringer Bad Salzungen"]
[BlackTeam "SV Breitenworbis"]

1. Nf3 Nf6 2. c4 g6 3. g3 Bg7 4. Bg2 O-O 5. O-O d6 6. d4 Nc6 7. Nc3 Bf5 8. Nh4
Bd7 9. a3 e5 10. dxe5 dxe5 11. Qd3 Qc8 12. Nd5 Nxd5 13. cxd5 Nd4 14. a4 c5 15.
dxc6 Bxc6 16. e4 Rd8 17. Bg5 f6 18. Qc4+ Kh8 19. Be3 b5 20. axb5 Bxb5 21. Qxc8
Raxc8 22. Rfd1 Nc2 23. Rxd8+ Rxd8 24. Rc1 Nxe3 25. fxe3 Bh6 26. Re1 Rd2 27. Nf3
Rxb2 28. Bf1 a5 29. Bxb5 Rxb5 30. Nd2 a4 31. Kf2 Rb2 32. Ke2 Bf8 33. Rb1 Rxb1
34. Nxb1 Bb4 35. Kd3 Kg7 36. Kc4 Be1 37. Na3 Kh6 38. Kd3 Kg5 39. Nc2 Ba5 40.
Ke2 Kg4 41. Kf2 Kh3 0-1

[Event "Landesklasse West 2016/2017"]
[Site "?"]
[Date "2016.11.06"]
[Round "2"]
[White "Gast, Rainer"]
[Black "Schulz, Tilo"]
[Result "1/2-1/2"]
[WhiteElo "1878"]
[BlackElo "1868"]
[PlyCount "50"]
[EventDate "2016.??.??"]
[WhiteTeam "SV Breitenworbis"]
[BlackTeam "Randspringer Bad Salzungen"]

1. d4 Nf6 2. c4 e6 3. Nc3 Bb4 4. Qc2 c5 5. e3 Nc6 6. Nf3 O-O 7. Be2 d5 8. dxc5
dxc4 9. Bxc4 Qa5 10. Bd2 Qxc5 11. Be2 Rd8 12. O-O Qe7 13. Rac1 Bd7 14. a3 Bd6
15. Nb5 Bb8 16. Rfd1 a6 17. Nbd4 Bd6 18. Qb3 Be8 19. Rc2 Ne4 20. Be1 Nc5 21.
Qa2 Rac8 22. Rdc1 Bd7 23. Nxc6 Bxc6 24. Ba5 Rf8 25. Bb4 Bd5 1/2-1/2

[Event "Landesklasse West 2016/2017"]
[Site "?"]
[Date "2016.11.06"]
[Round "2"]
[White "Feldmann, Bernd"]
[Black "Bötticher, Heinz-Wilfried"]
[Result "1/2-1/2"]
[WhiteElo "1816"]
[BlackElo "1790"]
[PlyCount "22"]
[EventDate "2016.??.??"]
[WhiteTeam "Randspringer Bad Salzungen"]
[BlackTeam "SV Breitenworbis"]

1. d4 d5 2. Nf3 e6 3. c3 c5 4. Bg5 Qc7 5. e3 Nc6 6. Nbd2 Bd6 7. Bd3 b6 8. Rc1
Nge7 9. a3 a5 10. c4 Ba6 11. Nb3 dxc4 1/2-1/2

[Event "Landesklasse West 2016/2017"]
[Site "?"]
[Date "2016.11.06"]
[Round "2"]
[White "Petiko, Jakob"]
[Black "Roth, Ralf"]
[Result "1/2-1/2"]
[WhiteElo "1926"]
[BlackElo "1834"]
[PlyCount "24"]
[EventDate "2016.??.??"]
[WhiteTeam "SV Breitenworbis"]
[BlackTeam "Randspringer Bad Salzungen"]

1. e4 d6 2. c4 Nf6 3. Nc3 g6 4. g3 Bg7 5. Bg2 O-O 6. d3 Nc6 7. Nge2 e5 8. O-O
Nh5 9. Nd5 f5 10. exf5 gxf5 11. f4 exf4 12. Nexf4 Nxf4 1/2-1/2

[Event "Landesklasse West 2016/2017"]
[Site "?"]
[Date "2016.11.06"]
[Round "2"]
[White "Leibeling, Lucian"]
[Black "Kunze, Heinz"]
[Result "0-1"]
[WhiteElo "1806"]
[BlackElo "1649"]
[PlyCount "84"]
[EventDate "2016.??.??"]
[WhiteTeam "SV Breitenworbis"]
[BlackTeam "Randspringer Bad Salzungen"]

1. c4 Nf6 2. d3 e5 3. Nc3 Nc6 4. e4 d6 5. g3 Be7 6. Bg2 Nd4 7. h3 O-O 8. Nge2
c5 9. O-O Bd7 10. Kh2 Rb8 11. f4 a6 12. f5 b5 13. b3 b4 14. Nd5 Nxd5 15. cxd5
Bg5 16. Nxd4 cxd4 17. Qh5 Bxc1 18. Raxc1 f6 19. Rc2 Bb5 20. Qd1 Rc8 21. a4 bxa3
22. Rxc8 Qxc8 23. Qa1 Qc5 24. Rc1 Qb4 25. Rc7 Qxb3 26. Qc1 Qb2 27. Qd1 Kh8 28.
Rc2 Qb4 29. Qc1 Qa4 30. Ra2 Bxd3 31. Rxa3 Qc4 32. Qd2 Bc2 33. Qc1 Rc8 34. Qb2
Qb5 35. Qa1 Ra8 36. Bf1 d3 37. Ra5 Qb1 38. Qc3 Qxf1 39. Rxa6 Qf2+ 40. Kh1 Rf8
41. Ra1 Qf3+ 42. Kh2 Qxe4 0-1

[Event "Landesklasse West 2016/2017"]
[Site "?"]
[Date "2016.11.06"]
[Round "2"]
[White "Wiefel, Erik"]
[Black "Biel, Peter"]
[Result "1-0"]
[WhiteElo "1695"]
[BlackElo "1675"]
[PlyCount "51"]
[EventDate "2016.??.??"]
[WhiteTeam "Randspringer Bad Salzungen"]
[BlackTeam "SV Breitenworbis"]

1. c4 c6 2. Nc3 Nf6 3. e4 e5 4. g3 Be7 5. Bg2 d6 6. Nge2 O-O 7. O-O Be6 8. d3
d5 9. exd5 cxd5 10. d4 exd4 11. Nxd4 Bg4 12. Qb3 dxc4 13. Qxc4 Bc8 14. Rd1 a6
15. Bf4 Nbd7 16. Bc7 Qe8 17. Re1 Nc5 18. Rad1 Be6 19. Nxe6 Nxe6 20. Bb6 Nd7 21.
Rxe6 Rc8 22. Qe2 Nxb6 23. Rxb6 Bd8 24. Qxe8 Rxe8 25. Rxb7 Bf6 26. Nd5 1-0

[Event "Landesklasse West 2016/2017"]
[Site "?"]
[Date "2016.11.06"]
[Round "2"]
[White "Mann, Moritz"]
[Black "Mäurer, Michael"]
[Result "1/2-1/2"]
[WhiteElo "1591"]
[BlackElo "1578"]
[PlyCount "39"]
[EventDate "2016.??.??"]
[WhiteTeam "SV Breitenworbis"]
[BlackTeam "Randspringer Bad Salzungen"]

1. e4 d5 2. exd5 Qxd5 3. Nc3 Qd6 4. d4 Nf6 5. Nf3 c6 6. Bc4 Bg4 7. Be3 Bxf3 8.
Qxf3 e6 9. O-O Qc7 10. Rad1 Bd6 11. g3 Nbd7 12. Ne2 O-O-O 13. Rd2 h6 14. Rfd1
g5 15. h3 Rdf8 16. Bb3 Nd5 17. c4 Nxe3 18. Qxe3 Bb4 19. Rd3 Kb8 20. a3 1/2-1/2

[Event "Landesklasse West 2016/2017"]
[Site "?"]
[Date "2016.11.06"]
[Round "2"]
[White "Buring, Matthias"]
[Black "Klingler, Lutz"]
[Result "0-1"]
[WhiteElo "2091"]
[BlackElo "1943"]
[PlyCount "114"]
[EventDate "2016.??.??"]
[WhiteTeam "SG Arnstadt-Stadtilm"]
[BlackTeam "SV Schmalkalden 04"]

1. e4 g6 2. d4 Bg7 3. f4 d5 4. e5 h5 5. Nf3 Nh6 6. Be2 Bg4 7. O-O Nf5 8. c3 e6
9. Na3 Nd7 10. b4 a5 11. b5 Nb6 12. Nc2 Bf8 13. Ne3 Nxe3 14. Bxe3 Be7 15. h3
Bf5 16. Nd2 h4 17. Rf2 Qd7 18. a4 Kf8 19. Ra2 Kg7 20. Qf1 Qc8 21. Bg4 Rg8 22.
Bxf5 gxf5 23. g4 hxg3 24. Rg2 Kh7 25. Qf3 Qf8 26. Qh5+ Qh6 27. Qxh6+ Kxh6 28.
Nf3 c6 29. Ng5 Bxg5 30. fxg5+ Kg6 31. Rxg3 cxb5 32. axb5 a4 33. Bc1 Ra5 34. Ba3
Rh8 35. Bc5 Nc4 36. Bb4 Raa8 37. Kh2 Rh5 38. Be7 a3 39. Rg1 b6 40. Bf6 Rh4 41.
Kg3 Re4 42. Kf2 Re3 43. Rg3 Rxg3 44. Kxg3 Nd2 45. Be7 Ne4+ 46. Kf4 Nxc3 47.
Rxa3 Rxa3 48. Bxa3 Nxb5 49. Bb2 Kh5 50. Kg3 Kxg5 51. Bc1+ Kg6 52. Bb2 Na7 53.
Kf3 Nc6 54. Ke3 Kh5 55. Kf3 b5 56. Ke3 Na5 57. Kd3 Nc4 0-1

[Event "Landesklasse West 2016/2017"]
[Site "?"]
[Date "2016.11.06"]
[Round "2"]
[White "Krannich, Steffen"]
[Black "Sauer, Marko"]
[Result "0-1"]
[WhiteElo "1858"]
[BlackElo "2069"]
[PlyCount "48"]
[EventDate "2016.??.??"]
[WhiteTeam "SV Schmalkalden 04"]
[BlackTeam "SG Arnstadt-Stadtilm"]

1. d4 d5 2. Nf3 c6 3. c4 e6 4. Nc3 dxc4 5. a4 Bb4 6. e3 b5 7. Ne5 Bb7 8. Bd2 a6
9. Qg4 g6 10. Be2 Nd7 11. Rd1 Qc7 12. Ne4 Bxd2+ 13. Rxd2 f5 14. Qf4 Nxe5 15.
Nc5 Nd3+ 16. Nxd3 Qxf4 17. Nxf4 Ke7 18. h4 Nf6 19. f3 Rhd8 20. Kf2 Rd7 21. Rc2
Rc8 22. Rhc1 Kf7 23. Rc3 h6 24. b3 g5 0-1

[Event "Landesklasse West 2016/2017"]
[Site "?"]
[Date "2016.11.06"]
[Round "2"]
[White "Zeising, Benjamin"]
[Black "Bamberg, Alexander"]
[Result "1/2-1/2"]
[WhiteElo "1814"]
[BlackElo "1870"]
[PlyCount "105"]
[EventDate "2016.??.??"]
[WhiteTeam "SG Arnstadt-Stadtilm"]
[BlackTeam "SV Schmalkalden 04"]

1. Nc3 d5 2. d4 Bf5 3. e4 dxe4 4. f3 exf3 5. Nxf3 e6 6. Bc4 c6 7. O-O Bg4 8.
Qd3 Bxf3 9. Rxf3 Nf6 10. Ne4 Nbd7 11. Ng5 Qe7 12. Bxe6 fxe6 13. Nxe6 Qxe6 14.
Re3 Qxe3+ 15. Qxe3+ Be7 16. Bd2 Rf8 17. Re1 Rf7 18. Qb3 Nb6 19. a4 Rb8 20. a5
Nbd5 21. c4 Nc7 22. Bf4 Kd8 23. d5 Bc5+ 24. Kh1 cxd5 25. Bxc7+ Kxc7 26. cxd5
Rbf8 27. Qc4 Nd7 28. d6+ Kxd6 29. b4 Rf4 30. bxc5+ Nxc5 31. Rd1+ Kc6 32. Qd5+
Kb5 33. Rb1+ Rb4 34. Rxb4+ Kxb4 35. Qd4+ Kb5 36. h4 g6 37. Qg7 Rc8 38. Qxh7 Rc6
39. g4 Kxa5 40. h5 gxh5 41. gxh5 a6 42. h6 b5 43. Qg7 Rc8 44. h7 b4 45. Qg8
Rxg8 46. hxg8=Q Kb5 47. Qe8+ Kc4 48. Qe2+ Kc3 49. Qe3+ Nd3 50. Qb6 b3 51. Qxa6
b2 52. Qb6 Kc2 53. Qxb2+ 1/2-1/2

[Event "Landesklasse West 2016/2017"]
[Site "?"]
[Date "2016.11.06"]
[Round "2"]
[White "Scheller, Thomas"]
[Black "Burkhardt, Christian"]
[Result "1/2-1/2"]
[WhiteElo "1664"]
[BlackElo "1721"]
[PlyCount "32"]
[EventDate "2016.??.??"]
[WhiteTeam "SG Arnstadt-Stadtilm"]
[BlackTeam "SV Schmalkalden 04"]

1. d4 d5 2. g3 Nf6 3. Bg2 e6 4. Nf3 Bd6 5. O-O O-O 6. Nbd2 Nbd7 7. Re1 c6 8. c3
e5 9. dxe5 Nxe5 10. Nxe5 Bxe5 11. Nf3 Bd6 12. Bg5 h6 13. Bxf6 Qxf6 14. Nd2 Bf5
15. e4 dxe4 16. Nxe4 Bxe4 1/2-1/2

[Event "Landesklasse West 2016/2017"]
[Site "?"]
[Date "2016.11.06"]
[Round "2"]
[White "Himmel, Matthias"]
[Black "Jank, Kevin"]
[Result "1/2-1/2"]
[WhiteElo "1618"]
[BlackElo "1706"]
[PlyCount "43"]
[EventDate "2016.??.??"]
[WhiteTeam "SV Schmalkalden 04"]
[BlackTeam "SG Arnstadt-Stadtilm"]

1. d4 d5 2. e3 c5 3. c3 cxd4 4. exd4 Nc6 5. Nf3 Nf6 6. Bd3 Bg4 7. Nbd2 e6 8.
O-O Bd6 9. h3 Bh5 10. Qe1 Qc7 11. Qe3 Bf4 12. Qe2 O-O 13. Nb3 Rfe8 14. Bxf4
Qxf4 15. Qe3 Qxe3 16. fxe3 Bg6 17. Bb5 Rec8 18. Nh4 Be4 19. Nd2 a6 20. Nxe4
Nxe4 21. Bd3 f5 22. Nf3 1/2-1/2

[Event "Landesklasse West 2016/2017"]
[Site "?"]
[Date "2016.11.06"]
[Round "2"]
[White "Schumacher, Andreas"]
[Black "Röder, Detlef"]
[Result "1-0"]
[WhiteElo "1706"]
[BlackElo "1611"]
[PlyCount "61"]
[EventDate "2016.??.??"]
[WhiteTeam "SG Arnstadt-Stadtilm"]
[BlackTeam "SV Schmalkalden 04"]

1. d4 f5 2. c4 e6 3. g3 Nf6 4. Bg2 d5 5. Nc3 c6 6. b3 Bb4 7. Bd2 Qa5 8. Qc2 Ne4
9. Nxe4 fxe4 10. O-O-O Bxd2+ 11. Qxd2 Qxd2+ 12. Rxd2 O-O 13. f4 a5 14. Nh3 Na6
15. Kb2 Bd7 16. Rf1 Nc7 17. e3 Ne8 18. Nf2 Nf6 19. h3 h6 20. h4 Be8 21. g4 Kf7
22. g5 hxg5 23. hxg5 Nd7 24. Rh1 Kg6 25. Bh3 Bf7 26. Bg4 Rh8 27. Rdd1 Rh7 28.
Rdf1 Rah8 29. Nh3 Bg8 30. f5+ Kf7 31. g6+ 1-0

[Event "Landesklasse West 2016/2017"]
[Site "?"]
[Date "2016.11.06"]
[Round "2"]
[White "Schmidt, Mark Andre"]
[Black "Dreuth, Lukas"]
[Result "1-0"]
[WhiteElo "1388"]
[BlackElo "1070"]
[PlyCount "62"]
[EventDate "2016.??.??"]
[WhiteTeam "SV Schmalkalden 04"]
[BlackTeam "SG Arnstadt-Stadtilm"]

1. d4 d5 2. c4 e6 3. a3 a5 4. Nc3 Nf6 5. Nf3 c5 6. cxd5 exd5 7. Bg5 Be6 8. e3
Be7 9. Bb5+ Nc6 10. Ne5 Qc7 11. Bxf6 Bxf6 12. Nxc6 bxc6 13. Ba4 c4 14. O-O O-O
15. Re1 Rab8 16. Qd2 Bg5 17. f4 Bh6 18. g3 f5 19. Rab1 g5 20. Bc2 g4 21. Na4
Rb5 22. Nc5 Bd7 23. Nxd7 Qxd7 24. a4 Rb4 25. b3 Rfb8 26. bxc4 Rxb1 27. Rxb1
Rxb1+ 28. Bxb1 Qa7 29. cxd5 cxd5 30. Bxf5 Bf8 31. Qc2 Qg7 1-0

[Event "Landesklasse West 2016/2017"]
[Site "?"]
[Date "2016.11.06"]
[Round "2"]
[White "Kuntze, Andreas"]
[Black "Schlick, Stefan"]
[Result "1/2-1/2"]
[WhiteElo "1988"]
[BlackElo "1826"]
[PlyCount "26"]
[EventDate "2016.??.??"]
[WhiteTeam "Schachclub Rochade Leinefelde"]
[BlackTeam "Schachclub 1998 Gotha"]

1. e4 e5 2. Nf3 Nc6 3. Bb5 a6 4. Ba4 Nf6 5. d3 b5 6. Bb3 Bc5 7. c3 O-O 8. O-O
d5 9. exd5 Nxd5 10. Re1 Bg4 11. h3 Bh5 12. Bg5 f6 13. Be3 Bxe3 1/2-1/2

[Event "Landesklasse West 2016/2017"]
[Site "?"]
[Date "2016.11.06"]
[Round "2"]
[White "Reucker, Friedrich"]
[Black "Kachel, Alfred"]
[Result "1/2-1/2"]
[WhiteElo "1723"]
[BlackElo "1987"]
[PlyCount "59"]
[EventDate "2016.??.??"]
[WhiteTeam "Schachclub 1998 Gotha"]
[BlackTeam "Schachclub Rochade Leinefelde"]

1. Nf3 Nc6 2. c4 e5 3. Nc3 Nf6 4. g3 d5 5. cxd5 Nxd5 6. Bg2 Nb6 7. O-O Be7 8.
d3 Be6 9. Bd2 O-O 10. Rc1 f6 11. Ne4 Nb4 12. Bxb4 Bxb4 13. a3 Be7 14. Nc5 Bxc5
15. Rxc5 c6 16. Nd2 Qe7 17. b4 Rfd8 18. Qc2 Bd5 19. Rc1 a6 20. a4 Bxg2 21. Kxg2
Rd4 22. Rb1 Kf8 23. Nf3 Rd5 24. Nd2 Rad8 25. Nc4 Nxc4 26. Rxc4 Rd4 27. b5 axb5
28. axb5 Rxc4 29. dxc4 g6 30. Rd1 1/2-1/2

[Event "Landesklasse West 2016/2017"]
[Site "?"]
[Date "2016.11.06"]
[Round "2"]
[White "Frank, Thomas"]
[Black "Lutzkat, Ulrich"]
[Result "0-1"]
[WhiteElo "1846"]
[BlackElo "1933"]
[PlyCount "68"]
[EventDate "2016.??.??"]
[WhiteTeam "Schachclub Rochade Leinefelde"]
[BlackTeam "Schachclub 1998 Gotha"]

1. d4 g6 2. Nf3 Bg7 3. c3 Nf6 4. Bg5 b6 5. Nbd2 Bb7 6. Qc2 d6 7. e4 O-O 8. Bd3
Nbd7 9. O-O c5 10. d5 e5 11. a4 Qc7 12. Ne1 Rae8 13. f3 Nh5 14. g3 Nb8 15. Ng2
Bc8 16. g4 Nf6 17. Ne3 a6 18. Rfc1 Nfd7 19. Nec4 b5 20. axb5 axb5 21. Na3 c4
22. Bf1 Qb6+ 23. Kg2 f5 24. gxf5 gxf5 25. Bh4 Bh6 26. Bf2 Nc5 27. Re1 Qd8 28.
Kh1 Bxd2 29. Bxc5 Bxe1 30. Rxe1 dxc5 31. Nxb5 fxe4 32. Qxe4 Rf4 33. Qe3 Ba6 34.
Bxc4 Rxc4 0-1

[Event "Landesklasse West 2016/2017"]
[Site "?"]
[Date "2016.11.06"]
[Round "2"]
[White "Manger, Hans-Gerald"]
[Black "Pfitzenreuter, Gerald"]
[Result "1-0"]
[WhiteElo "1838"]
[BlackElo "1828"]
[PlyCount "61"]
[EventDate "2016.??.??"]
[WhiteTeam "Schachclub 1998 Gotha"]
[BlackTeam "Schachclub Rochade Leinefelde"]

1. d4 d5 2. c4 e6 3. Nc3 c6 4. Nf3 Nf6 5. Bg5 dxc4 6. e4 b5 7. e5 h6 8. Bh4 g5
9. Nxg5 hxg5 10. Bxg5 Nbd7 11. Qf3 Qb6 12. Bxf6 Nxf6 13. Qxf6 Rg8 14. h4 Rg6
15. Qf3 Bb7 16. h5 Rh6 17. O-O-O c5 18. d5 Rd8 19. Ne4 exd5 20. Nf6+ Rxf6 21.
exf6 Bh6+ 22. Kb1 Rd6 23. Qg3 Rxf6 24. Qb8+ Ke7 25. Be2 d4 26. Qg3 Be4+ 27. Ka1
Bf4 28. Qh4 Qa5 29. Rhe1 c3 30. Bd3 cxb2+ 31. Kb1 1-0

[Event "Landesklasse West 2016/2017"]
[Site "?"]
[Date "2016.11.06"]
[Round "2"]
[White "Seeboth, Paul"]
[Black "Kuznecovs, Nikita"]
[Result "1-0"]
[WhiteElo "1846"]
[BlackElo "1945"]
[PlyCount "59"]
[EventDate "2016.??.??"]
[WhiteTeam "Schachclub Rochade Leinefelde"]
[BlackTeam "Schachclub 1998 Gotha"]

1. d4 Nf6 2. c4 e6 3. Nc3 Bb4 4. Qc2 O-O 5. Bg5 c5 6. e3 cxd4 7. exd4 h6 8. Bh4
d5 9. a3 Bxc3+ 10. bxc3 Nbd7 11. Nf3 Re8 12. Be2 dxc4 13. Bxc4 e5 14. O-O e4
15. Nd2 g5 16. Bg3 Nb6 17. Ba2 Bf5 18. Nc4 Rc8 19. Nd6 Bg6 20. Nxc8 Qxc8 21. a4
Kh7 22. Qb3 Nbd5 23. Be5 Nf4 24. f3 exf3 25. Rxf3 Rxe5 26. dxe5 Qc5+ 27. Kh1
Ne4 28. Bb1 Nf2+ 29. Rxf2 Qxf2 30. Qxf7+ 1-0